MARC

LEADER 00000cam a2200000 7i4500
001 0000014612
005 20080317.0
008 080304
020 |a 1590845633 
090 0 0 |a 618.928918   |b BRI 
100 0 |a Brinkerhoff,Shirley 
245 1 0 |a Drug therapy and childhood and adolescent disordes   |c Shirley Brinkerhoff 
260 |a New York :   |b Mason Crest Publishers ,   |c 2004 
440 |a Psychiatric disorders:drugs and psychology for the mind and body 
650 0 |a Adolescent psychopathology   |x Juvenile literature 
650 0 |a Adolescent psychopathology   |x treatment   |x Juvenile literature 
650 0 |a Child psychopathology   |x Juvenile literature 
650 0 |a Child psychopathology   |x treatment   |x Juvenile literature 
650 0 |a Psychotropic drugs   |x Juvenile literature 
999 |a 0001015011   |b Book   |c REFERENCE   |e Perbadanan Perpustakaan Awam Johor 
999 |a 0001015012   |b Book   |c Adult Collection   |e Cawangan Sri Merlong